Seminar Dasar & Strategi Negara mengenai Sains & Teknologi untuk Pembangunan (1978 Julai 13-15, Kuala Lumpur) (Kertas-kertas kerja)Dianjurkan oleh Majlis Penyelidikan dan Kemajuan Sains Negara, Kementerian Sains dan Alam Sekitar, Malaysia, 1978
| Format: | Book |
|---|
MARC
| LEADER | 00000cam a2200000 7i4500 | ||
|---|---|---|---|
| 001 | 0000006390 | ||
| 005 | 20000204.0 | ||
| 040 | |a INS | ||
| 090 | 0 | 0 | |a S1 |
| 245 | 0 | 0 | |a Seminar Dasar & Strategi Negara mengenai Sains & Teknologi untuk Pembangunan (1978 Julai 13-15, Kuala Lumpur) (Kertas-kertas kerja)Dianjurkan oleh Majlis Penyelidikan dan Kemajuan Sains Negara, Kementerian Sains dan Alam Sekitar, Malaysia, 1978 |
| 999 | |a S000000010 |b BOOK |c Seminar |e Default branch | ||
| 999 | |a S000000674 |b BOOK |c Seminar |e Default branch | ||